Walk along African Borders - Easy - Statistics

General Stats
  • This quiz has been taken 109 times
  • The average score is 25 of 46
Answer Stats
Indian Ocean at South Africa-Mozambique border % Correct
Swaziland -> Swa-Moz . S
98%
South Africa -> Sou-Moz . Z
90%
Botswana <- Bot-Sou . N
61%
Namibia -> Nam-Bot . Z
61%
Zambia -> Zam-Bot . Z
61%
Mozambique <- Moz-Zam . M
60%
Zimbabwe <- Zim-Sou . B
60%
Zimbabwe <- Zim-Zam . M
60%
Central African Republic <- CAR-Sou . D
58%
Malawi <- Mal-Zam . T
58%
South Sudan -> Sou-Sud . C
58%
Tanzania <- Tan-Zam . D
58%
Djibouti <- Dji-Eth . E
56%
DR Congo -> DRC-CAR . R
56%
Eritrea <- Eri-Eth . S
56%
Ethiopia -> Eth-Ken . S
56%
Kenya <- Ken-Uga . S
56%
Somalia -< Som-Eth . D
56%
South Sudan -> Sou-Ken . E
56%
Sudan <- Sud-Eth . S
56%
Tanzania <- Tan-Uga . K
56%
Uganda -> Uga-Rwa . T
56%
DR Congo -> DRC-Rwa . U
55%
DR Congo -> DRC-Tan . B
55%
Rwanda <- Rwa-Bur . D
55%
Burundi -> Bur-Tan . R
53%
Cameroon -> Cam-CAR . C
53%
Chad <- Cam-Cha . N
53%
Nigeria -> Nig-Cha . N
53%
Niger <- Nig-Nig . B
53%
Benin -> Nig-Ben . B
52%
Burkina Faso <- Bur-Ben . T
52%
Republic of Congo >- ROC-CAR . C
52%
Togo -> Tog-Bur . G
52%
Ghana -> Gha-Bur . C
50%
Egypt <- Egy-Lib
48%
Algeria -> Alg-Mal . N
47%
Chad <- Cha-Lib . S
47%
Libya -> Lib-Nig . C
47%
Mali <- Mal-Cot . G
47%
Niger <- Nig-Alg . L
47%
Cote d'Ivoire -> Cot-Bur . M
45%
Mauritania -> Mau-Mal . A
45%
Sudan <- Sud-Lib . E
45%
Guinea -> Gui-Mal . S
44%
Senegal -> Sen-Mal . M
44%
No matching quizzes found
Score Distribution
Percent of People with Each Score
Percentile by Number Answered
Your Score History
You have not taken this quiz